000 01430nam a2200325 i 4500
003 EG-GICUC
005 20260216120120.0
008 260216s1914 ua |||fr|||| 00| 0 ara d
040 _a EG-GICUC
_bara
_c EG-GICUC
_d EG-GICUC
_erda
041 0 _aAra
082 0 4 _221
_a343.93
_bح ك . ق
092 0 4 _221
099 _aLaw1 10 343.93 ح ك . ق 1914
110 1 _aالحكومة المصرية
_eمؤلف.
245 1 2 _aالقوانين الإدارية والجنائية :
_bمجموعة القوانين واللوائح الجارى العمل بها فيما يتعلق بنظارة الداخلية.
_nالكتاب الأول،
_pفى النظام الملكى والجنائى وقانون العقوبات /
_cتأليف الحكومة المصرية، نظارة الداخلية.
250 _aالطبعة الثالثة
264 3 _aالقاهرة :
_bالمطبعة الأميرية،
_c1914.
300 _a726 ؛صفحة
_c24 سم.
336 _2rda content
_atext
337 _2rda media
_aComputer
338 _2rda carrier
_aOnline Resource
546 _aالنص باللغة العربية
650 1 _aالسياسة الجنائية
_2qrmak
650 1 _aالقانون الجنائى
_2qrmak
651 1 _2qrmak
700 0 _aنظارة الداخلية
_eمؤلف مشارك.
856 4 0 _uhttps://fll.law.cu.edu.eg/fulltext/bks/B10-08450.pdf
905 _a54
942 _2ddc
_cBK
_e21
_n0
999 _c63191
_d63191